[Event "Ikaros op"]
[Site "Chania"]
[Date "1997.??.??"]
[Round "2"]
[White "Katzourakis, Pavlos"]
[Black "Kouvatsos, Filippos"]
[Result "1-0"]
[WhiteElo "2005"]
[BlackElo "1735"]
[PlyCount "58"]
[EventDate "1997.??.??"]
[EventType "swiss"]
[EventRounds "5"]
[EventCountry "GRE"]
[SourceTitle "EXT 2004"]
[Source "ChessBase"]
[SourceDate "2003.11.25"]
[SourceVersion "1"]
[SourceVersionDate "2003.11.25"]
[SourceQuality "1"]

1. e4 c6 2. d4 d5 3. exd5 cxd5 4. c4 Nf6 5. Nc3 Nc6 6. Be3 Bf5 7. Nf3 e6 8. Be2 Bb4 9. 0-0 0-0 10. a3 Bxc3 11. bxc3 Ne4 12. Qc2 Na5 13. Rab1 dxc4 14. Rb4 Qd5 15. Qb2 Rfc8 16. Rb5 Qxb5 17. Qxb5 Nxc3 18. Qxa5 Nxe2+ 19. Kh1 c3 20. Qb5 c2 21. Qxe2 Rc3 22. Rc1 Rac8 23. Ne1 Rxa3 24. h3 Rcc3 25. Kh2 a6 26. d5 e5 27. d6 b5 28. Bd4 Bd3 29. Qxe5 Rc8 1-0

[Event "GRE-chT"]
[Site "Athens"]
[Date "1997.??.??"]
[Round "2"]
[White "Katzourakis, Pavlos"]
[Black "Markidis, Konstantinos"]
[Result "0-1"]
[WhiteElo "2050"]
[BlackElo "2245"]
[PlyCount "44"]
[EventDate "1997.??.??"]
[EventType "team-swiss"]
[EventRounds "9"]
[EventCountry "GRE"]
[SourceTitle "EXT 2002"]
[Source "ChessBase"]
[SourceDate "2001.11.25"]
[SourceVersion "1"]
[SourceVersionDate "2001.11.25"]
[SourceQuality "1"]

1. e4 e5 2. Nf3 Nc6 3. d4 exd4 4. Bc4 Bc5 5. c3 Nf6 6. e5 d5 7. Bb5 Ne4 8. Nxd4 0-0 9. Bxc6 bxc6 10. Be3 Re8 11. 0-0 Bd7 12. f3 Nd6 13. f4 f6 14. Kh1 Bb6 15. e6 Bxe6 16. Nxc6 Qd7 17. Bxb6 axb6 18. Nd4 Bg4 19. Qb3 Nc4 20. Na3 Nd2 21. Qc2 Nxf1 22. Rxf1 c5 0-1

[Event "GRE-chT"]
[Site "Athens"]
[Date "1997.??.??"]
[Round "3"]
[White "Katzourakis, Pavlos"]
[Black "Tzoumbas, Anastasios"]
[Result "0-1"]
[WhiteElo "2050"]
[BlackElo "2365"]
[PlyCount "66"]
[EventDate "1997.??.??"]
[EventType "team-swiss"]
[EventRounds "9"]
[EventCountry "GRE"]
[SourceTitle "EXT 2002"]
[Source "ChessBase"]
[SourceDate "2001.11.25"]
[SourceVersion "1"]
[SourceVersionDate "2001.11.25"]
[SourceQuality "1"]

1. e4 c5 2. Nf3 d6 3. d4 cxd4 4. Nxd4 Nf6 5. Nc3 a6 6. Be2 e5 7. Nb3 Be7 8. 0-0 0-0 9. a4 Be6 10. Bg5 Nbd7 11. a5 Rc8 12. Kh1 Nxe4 13. Bxe7 Nxc3 14. Qxd6 Ne4 15. Bxd8 Nxd6 16. Be7 Rxc2 17. Bxd6 Rxe2 18. Bxf8 Kxf8 19. Nc1 Rxb2 20. Nd3 Rb3 21. Rfd1 Bf5 22. Ne1 Ke7 23. Nf3 f6 24. h3 Nb8 25. Kg1 Nc6 26. Nd2 Rb4 27. Ra3 Nd4 28. Kh2 Rb2 29. Nf3 Nb5 30. Ra4 Nc3 31. Raa1 Nxd1 32. Rxd1 Rxf2 33. Kg3 Rc2 0-1

[Event "Ikaros op"]
[Site "Chania"]
[Date "1997.??.??"]
[Round "5"]
[White "Misedakis, Dimitrios"]
[Black "Katzourakis, Pavlos"]
[Result "1-0"]
[WhiteElo "1760"]
[BlackElo "2005"]
[PlyCount "67"]
[EventDate "1997.??.??"]
[EventType "swiss"]
[EventRounds "5"]
[EventCountry "GRE"]
[SourceTitle "EXT 2004"]
[Source "ChessBase"]
[SourceDate "2003.11.25"]
[SourceVersion "1"]
[SourceVersionDate "2003.11.25"]
[SourceQuality "1"]

1. e4 e5 2. Nf3 Nc6 3. Bb5 a6 4. Ba4 Nf6 5. 0-0 b5 6. Bb3 Bb7 7. Re1 Bc5 8. c3 d6 9. d3 Bb6 10. Nbd2 h6 11. Nf1 Qd7 12. Nh4 0-0-0 13. Be3 Bxe3 14. Nxe3 Na5 15. Bc2 d5 16. f3 g6 17. a4 Nc6 18. axb5 axb5 19. Bb3 d4 20. Nd5 Nxd5 21. Bxd5 Ne7 22. Bxb7+ Kxb7 23. c4 Ra8 24. Qb3 Rhd8 25. cxb5 g5 26. Nf5 Nxf5 27. exf5 Qd5 28. Qb4 f6 29. Ra6 Rd6 30. Rc1 Rb6 31. Rc5 Qd6 32. Ra3 h5 33. Rc4 Rc8 34. Qa4 1-0